000 00622nam a2200217 a 4500
001 83327
003 BD-RjUL
005 20240312143655.0
008 240312r19681957enk||||| |||| 00| 0 eng d
035 _a(BD-RjUL)83327
040 _aBD-RjUL
_beng
_cBD-RjUL
041 _aeng
082 _223
_a823.9
_bMAG 1968
100 _aMayne, William
_912248
245 _aA grass rope /
_cWilliam Mayne; Illustrated by Lynton Lamb .
260 _aLondon :
_bOxford University Press,
_c1957, [reprinted 1968]
300 _a166 p.:
_bill.;
_c22 cm.
650 _aEnglish Fiction
700 _aLamb, Lynton
_912258
942 _2ddc
_cBK
999 _c83327
_d83327